LEADER 01090nam0-2200385---450- 001 990009392410403321 005 20110706152014.0 035 $a000939241 035 $aFED01000939241 035 $a(Aleph)000939241FED01 035 $a000939241 100 $a20110706d1924----km-y0itay50------ba 101 0 $agrc$aeng 102 $aGB 105 $ay-------001yy 200 1 $aPlato 's Euthyphro , Apology of Socrates and Crito$fedited with notes by John Burnet 210 $aOxford$cat the Clarendon press$d1924 215 $a1 v.$d19 cm 500 10$aEuthyphro$915031 500 10$aApologia Socratis$915032 500 10$aCrito$913119 610 0 $aPlato 676 $a184 676 $a880.01 700 1$aPlato$f<427-347 a. C.>$0292329 702 1$aBurnet,$bJohn$f<1863-1928> 801 0$aIT$bUNINA$gRICA$2UNIMARC 901 $aBK 912 $a990009392410403321 952 $aP2B-600-OXFORD-PLATO-408A-1964$bIst.Fil.cl. 1592$fFLFBC 959 $aFLFBC 996 $aEuthyphro$915031 996 $aKrit?n$913119 996 $aApologia Socratis$915032 997 $aUNINA LEADER 01716nas0-22004571i-450- 001 990005867020203316 005 20150917131056.0 011 $a0044-9733 035 $a000586702 035 $aUSA01000586702 035 $a(ALEPH)000586702USA01 035 $a000586702 100 $a20130703a----9999Km-y0itay50------ba 101 0 $aita 102 $aIT 110 $aaiazz--|||| 200 1 $aBollettino della Associazione italiana di cartografia$fAIC 207 0$aA. 1, n. 1 (giu. 1964)- 210 $aVicenza$cAssociazione italiana di cartografia 215 $avolumi$cill.$d24 cm 326 $aQuadrimestrale 517 1$aBollettino dell' Associazione italiana di cartografia 606 0 $aCartografia$xPeriodici$2BNCF 676 $a526.05 712 02$aAssociazione italiana di cartografia 801 0$aIT$bsalbc$gISBD 856 4 $uhttp://www.openstarts.units.it/dspace/handle/10077/9933$4.$zUniversità degli studi di Trieste - Archivio Istituzionale d'Ateneo - OpenstarTs 912 $a990005867020203316 958 $aUMA$bFondo$cA.49, n.144-145-146 (apr.-sett.-dic. 2012); v.50:no.148(2013:sett.); 959 $aSE 979 $aVITTORIANA$b90$c20130703$lUSA01$h1340 979 $aVITTORIANA$b90$c20130703$lUSA01$h1342 979 $aVITTORIANA$b90$c20130703$lUSA01$h1343 979 $aVITTORIANA$b90$c20130703$lUSA01$h1345 979 $aVITTORIANA$b90$c20150917$lUSA01$h1301 979 $aVITTORIANA$b90$c20150917$lUSA01$h1305 979 $aVITTORIANA$b90$c20150917$lUSA01$h1306 979 $aVITTORIANA$b90$c20150917$lUSA01$h1306 979 $aVITTORIANA$b90$c20150917$lUSA01$h1310 996 $aBollettino della Associazione italiana di cartografia$91085675 997 $aUNISA